Klavírní skladby pro děti

Hlavní autor: Sluka, Luboš, 1928-
Další autoři: Klánský, Ivan, 1948-
Vydáno: [Praha] : Radioservis, p2009
Témata:
Fyzický popis: 1 zvuková deska (78:14) : digital, stereo ; 12 cm
Zvukové nahrávky
Uloženo v:
LEADER 01615njm a2200337 a 4500
001 000957677
003 CZ BrMZK
005 20090907083702.0
007 sd fsngnnmmned
008 090723s2009 xr mun b d
028 0 1 |a CR0455-2  |b Radioservis 
040 |a BOA001  |b cze 
044 |a xr 
072 7 |a 786  |x Hudba pro klávesové nástroje  |2 Konspekt  |9 9 
080 |a 786.2.083  |2 MRF 
080 |a (086.76)  |2 MRF 
100 1 |a Sluka, Luboš,  |d 1928-  |7 jn20000710545  |4 cmp 
245 1 0 |a Klavírní skladby pro děti  |h [zvukový záznam] /  |c Luboš Sluka 
260 |a [Praha] :  |b Radioservis,  |c p2009 
300 |a 1 zvuková deska (78:14) :  |b digital, stereo ;  |c 12 cm 
306 |a 011814 
500 |a Kompaktní deska (DDD) 
505 2 0 |t Chvilky u klavíru.  |t Veselá ;  |t Smutná ;  |t Živá ;  |t Tichá ;  |t Slavnostní ;  |t Rytmická ;  |t Taneční --  |t Malá klavírní suita.  |t Letní odpoledne ;  |t Radost ;  |t Stesk ;  |t Popěvek ;  |t Uspávanka ;  |t Honička --  |t Hry a sny.  |t Ve stínu ;  |t Na houpačce ;  |t Doboru noc ;  |t Ozvěna ;  |t Soumrak ;  |t Kukačka ;  |t Vážka ;  |t Zvony --  |t Návraty.  |t Rozjímání ;  |t Všwdní den ;  |t Dávná vzpomínka ;  |t Opuštěný kolovrátek ;  |t Zlý sen ;  |t Píseň milostná ;  |t Hvězdné nebe ;  |t Šťastný návrat 
511 0 |a Ivan Klánský, klavír 
518 |a Nahráno ve studiích Českého rozhlasu v Praze 
650 0 7 |a drobné skladby (klavír)  |7 ph317273  |2 czenas 
700 1 |a Klánský, Ivan,  |d 1948-  |7 jn19990209350  |4 itr 
910 |a BOA001  |b CD-0015.528 
990 |a AV 
991 |b 200909 
996 6 |b 261H017212  |c CD-0015.528  |l MZK  |r Sklad / do 24 hodin  |n 0  |w 001089796  |u 000010  |a 1  |e BOA001  |j MZK50  |s P